logo

TIEMPOS Y FIESTAS DEL ANO LITURGICO | TIEMPOS Y FIESTAS DEL AÑO LITURGICO (Record no. 41993)

MARC details
000 -CABECERA
campo de control de longitud fija 00762nam a2200313Ia 4500
001 - NÚMERO DE CONTROL
campo de control 17083
005 - FECHA Y HORA DE LA ÚLTIMA TRANSACCIÓN
campo de control 20260407083204.0
008 - CÓDIGOS DE INFORMACIÓN DE LONGITUD FIJA
campo de control de longitud fija 260115s9999 xx 000 0 und d
010 ## - NÚMERO DE CONTROL DE LA BIBLIOTECA DEL CONGRESO
Número de control de LC 41993
035 ## - NÚMERO DE CONTROL DEL SISTEMA
Número de control de sistema 11396
090 ## - LOCALMENTE ASIGNADO TIPO-LC NÚMERO DE CLASIFICACIÓN (OCLC); NÚMERO DE CLASIFICACIÓN LOCAL (RLIN)
Número de clasificación (OCLC) (R) ; Numero de clasificación CALL (RLIN) (NR) 252
001 - NÚMERO DE CONTROL
campo de control 16866
008 - CÓDIGOS DE INFORMACIÓN DE LONGITUD FIJA
campo de control de longitud fija 260115s9999 xx 000 0 und d
035 ## - NÚMERO DE CONTROL DEL SISTEMA
Número de control de sistema 11396
090 ## - LOCALMENTE ASIGNADO TIPO-LC NÚMERO DE CLASIFICACIÓN (OCLC); NÚMERO DE CLASIFICACIÓN LOCAL (RLIN)
Número de clasificación (OCLC) (R) ; Numero de clasificación CALL (RLIN) (NR) 264
100 ## - PUNTO DE ACCESO PRINCIPAL - NOMBRE DE PERSONA
Nombre de persona KNOX RONALD A.
100 ## - PUNTO DE ACCESO PRINCIPAL - NOMBRE DE PERSONA
Nombre de persona KNOX RONALD A.
245 #0 - MENCIÓN DE TÍTULO
Título TIEMPOS Y FIESTAS DEL ANO LITURGICO
260 ## - PUBLICACIÓN, DISTRIBUCIÓN, ETC. (PIE DE IMPRENTA)
Lugar de publicación distribución etc. MADRID
Nombre del editor distribuidor etc. RIALP
Fecha de publicación distribución etc. 1964
245 #0 - MENCIÓN DE TÍTULO
Título TIEMPOS Y FIESTAS DEL AÑO LITURGICO
260 ## - PUBLICACIÓN, DISTRIBUCIÓN, ETC. (PIE DE IMPRENTA)
Lugar de publicación distribución etc. MADRID
Nombre del editor distribuidor etc. RIALP
Fecha de publicación distribución etc. 1964
300 ## - DESCRIPCIÓN FÍSICA
Dimensiones 17 CM
300 ## - DESCRIPCIÓN FÍSICA
Dimensiones 17 CM
630 ## - PUNTO DE ACCESO ADICIONAL DE MATERIA--TÍTULO UNIFORME
Título uniforme TEOLOGIA PASTORAL
650 ## - PUNTO DE ACCESO ADICIONAL DE MATERIA--TÉRMINO DE MATERIA
Término de materia o nombre geográfico como elemento inicial SERMONES LITURGIA
630 ## - PUNTO DE ACCESO ADICIONAL DE MATERIA--TÍTULO UNIFORME
Título uniforme IGLESIA CRISTIANA
650 ## - PUNTO DE ACCESO ADICIONAL DE MATERIA--TÉRMINO DE MATERIA
Término de materia o nombre geográfico como elemento inicial LITURGIA
942 ## - ELEMENTOS DE PUNTO DE ACCESO ADICIONAL (KOHA)
Tipo de ítem Koha Monografías
Holdings
Estado de retiro Estado de pérdida Estado dañado No para préstamo Código de colección Localización permanente Ubicación/localización actual Fecha de adquisición Total de préstamos Signatura topográfica completa Código de barras Fecha visto por última vez Número de copia Precio válido a partir de Tipo de ítem Koha Nota pública
          Servicio de Estudios Históricos Servicio de Estudios Históricos     252 15467 05/02/2026 1 05/02/2026 Monografías 17 CM, 404 PG, MADRID